000
00250nam a22001217a 4500
003
SGT
082
_a
398.095
_b
YAG
100
_a
YAGNIK HASU
245
_a
FOLKLORE OF GUJARAT
260
_a
INDIA
_b
NBTA PUB
_c
2011
300
_a
206
942
_2
ddc
_c
BK
999
_c
33886
_d
33886